000 00530nam a22001577a 4500
003 NUST
082 _a200
100 _aNawaz, Muhammad
_9114370
245 _aStock Market Prediction using Machine Learning and VADER Sentiment Analysis of Twitter Data/
_cMuhammad Nawaz,
264 _aIslamabad :
_bSEECS, NUST,
_c2023.
300 _a62 p. ;
_c30 cm.
650 _aMS-Data Science
_9123017
700 _aSupervisor: Dr. Seemab Latif
_996493
856 _uhttp://10.250.8.41:8080/xmlui/handle/123456789/34174
942 _2ddc
_cSC
999 _c595717
_d595717